| 000 | 00671nam a22002297a 4500 | ||
|---|---|---|---|
| 005 | 20180704163445.0 | ||
| 008 | 160420b xxu||||| |||| 00| 0 eng d | ||
| 020 |
_a9780195683463 _cRs.385.00 |
||
| 040 | _aLoreto College | ||
| 041 | _aEnglish | ||
| 082 |
_a338.954 _bSIK |
||
| 100 | _aSikdar, Soumyen | ||
| 245 |
_aContemporary issues in globalization _bAn introduction to theory and policy in India _cSoumyen Sikdar |
||
| 250 | _a2nd ed | ||
| 260 |
_aNew Delhi _bOxford University Press _c2006 |
||
| 300 |
_axix,219p _b22cm |
||
| 504 | _aIncludes index | ||
| 650 | _aGlobalization and India | ||
| 650 | _aEconomic policy,India | ||
| 850 | _aLCLIB | ||
| 942 | _cBK | ||
| 999 |
_c41634 _d92113 |
||